'Reality to Fiction' Bunker Quiz Stats

Quiz not verified by Sporcle

Challenge
Share
Tweet
Embed
Score 0/15 Timer 10:00
0 Plays Today
Question Enter A, B, or C % Correct
????
100%
????
76.8%
????
75.8%
????
69.5%
????
64.2%
????
52.6%
????
42.1%
????
32.6%
Question Enter A, B, or C % Correct
????
24.2%
????
21.1%
????
20%
????
16.8%
????
14.7%
????
10.5%
????
9.5%

You're not logged in!

Compare scores with friends on all Sporcle quizzes.
Sign Up with Email
OR
Log In

You Might Also Like...

Show Comments

Extras

Top Quizzes Today


Score Distribution

Your Account Isn't Verified!

In order to create a playlist on Sporcle, you need to verify the email address you used during registration. Go to your Sporcle Settings to finish the process.